Women participation of household economic development in tboung khmom district,kampong cham province, ការចូលរួមរបស់ស្រ្តីក្នុងការអភិវឌ្ឈន៍សេដ្ឋកិច្ចគ្រួសារក្នុងស្រុុកត្បួងឃុំ ខេត្តកំពង់ចាម (Record no. 4248)

000 -LEADER
fixed length control field 00724nam a22001577a 4500
003 - CONTROL NUMBER IDENTIFIER
control field OSt
005 - DATE AND TIME OF LATEST TRANSACTION
control field 20151208164729.0
008 - FIXED-LENGTH DATA ELEMENTS--GENERAL INFORMATION
fixed length control field 151208b xxu||||| |||| 00| 0 eng d
040 ## - CATALOGING SOURCE
Transcribing agency RUA
082 ## - DEWEY DECIMAL CLASSIFICATION NUMBER
Classification number ATM THO 2008 B195 Or.1
100 ## - MAIN ENTRY--PERSONAL NAME
9 (RLIN) 4559
Personal name THOUNG, SODANY
245 ## - TITLE STATEMENT
Title Women participation of household economic development in tboung khmom district,kampong cham province, ការចូលរួមរបស់ស្រ្តីក្នុងការអភិវឌ្ឈន៍សេដ្ឋកិច្ចគ្រួសារក្នុងស្រុុកត្បួងឃុំ ខេត្តកំពង់ចាម
260 ## - PUBLICATION, DISTRIBUTION, ETC. (IMPRINT)
Place of publication, distribution, etc. Phnom Penh
Name of publisher, distributor, etc. RUA
Date of publication, distribution, etc. 2008
300 ## - PHYSICAL DESCRIPTION
Extent xiv, 48p.
Other physical details ill.
Dimensions 29cm.
942 ## - ADDED ENTRY ELEMENTS (KOHA)
Source of classification or shelving scheme
Koha item type ATM
Holdings
Price effective from Date last seen Permanent Location Not for loan Date acquired Source of classification or shelving scheme Koha item type Lost status Withdrawn status Total Renewals Date last checked out Total Checkouts Damaged status Barcode Current Location Full call number
2015-12-082017-10-31Library Block B 2015-12-08 ATM  22017-08-195 RUA44150Library Block BATM THO 2008 B195 Or.1
2015-12-082021-12-08Library Block B 2015-12-08 ATM   2021-12-062 RUA41454Library Block BATM THO 2008 B195 Or.2
2015-12-082022-01-14Library Block B 2015-12-08 ATM   2021-12-292 RUA41395Library Block BATM THO 2008 B195 Or.3
មជ្ឈមណ្ឌលឯការនៃសាកលវិទ្យាល័យភូមិន្ទកសិកម្មចំការដូង

Powered by Koha